تنمية الموارد البشرية كمدخل إستراتيجي لتعظيم الإستثمار في العنصر البشري : دراسة على موظفي الوكالة في قطاع غزة (الرئاسة ومكتf غزة الإقليمي) /
محفوظ في:
| المؤلف الرئيسي: | |
|---|---|
| مؤلفون آخرون: | |
| التنسيق: | أطروحة |
| اللغة: | Arabic |
| منشور في: |
Ghazzah :
al-Jami'ah al-Islamiyah,
2009
|
| الموضوعات: | |
| الوسوم: |
إضافة وسم
لا توجد وسوم, كن أول من يضع وسما على هذه التسجيلة!
|
| LEADER | 019000000a22003130004500 | ||
|---|---|---|---|
| 008 | 130513s2009 gz a f 000 0 ara d | ||
| 040 | |a UIAM | ||
| 041 | |a ara | ||
| 043 | |a awgz--- | ||
| 050 | 0 | |a HD4904.7 | |
| 100 | 1 | |a شلتوت، أماني خضر | |
| 242 | 1 | 0 | |a Tanmiyat al-mawarid al-bashariyah ka-madkhal istiratiji li-ta'zim al-istithmar fi al-unsur al-bashari : |b dirasah 'ala muwazzafi al-wakalah fi Qita' Ghazzah (al-ri'asah wa maktab Ghazzah al-iqlimi) |
| 245 | 1 | |a تنمية الموارد البشرية كمدخل إستراتيجي لتعظيم الإستثمار في العنصر البشري : |b دراسة على موظفي الوكالة في قطاع غزة (الرئاسة ومكتf غزة الإقليمي) / |c إعداد، أماني خضر شلتوت | |
| 260 | |a Ghazzah : |b al-Jami'ah al-Islamiyah, |c 2009 | ||
| 300 | |a xii, 138 leaves ; |c 30 cm. | ||
| 500 | |a "قدمت هذه الرسالة إستكمالا لمتطالبات الحصول على درجة الماجستير في إدارة الأعمال"--On t.p. | ||
| 500 | |a Abstract in English and Arabic. | ||
| 502 | |a Thesis (M.A.)--Jami'at al-Islamiyah, 2009. | ||
| 504 | |a Includes bibliographical references (leaves 132-137). | ||
| 596 | |a 1 4 | ||
| 610 | 2 | |a United Nations Relief and Works Agency for Palestine Refugees in the Near East | |
| 650 | 0 | |a Human capital |z Gaza Strip | |
| 655 | |a Theses, Facsimile edition (Islamic) | ||
| 700 | |a Shaltut, Amani Khidr | ||
| 900 | |a arf-his | ||
| 999 | |c 437371 |c 437371 |d 469690 |d 469690 | ||
| 999 | |c 437371 |c 437371 |d 469690 |d 469690 | ||
| 952 | |0 0 |6 TI HD 004904.7 S528T 2009 |7 0 |8 THESES |9 757978 |a IIUM |b IIUM |c MULTIMEDIA |g 0.00 |o ti HD 4904.7 S528T 2009 |p 00011253367 |r 2017-10-23 |t 1 |v 0.00 |y THESIS | ||
| 952 | |0 0 |6 TI HD 004904.7 S528T 2009 |7 0 |8 THESES |9 757979 |a IIiBFL |b IIiBFL |c CLOSEACCES |g 290.00 |o ti HD 4904.7 S528T 2009 |p 00011271117 |r 2017-11-01 |t 1 |v 290.00 |y THESIS | ||
